Arquitectura.
Guardado en:
| Formato: | |
|---|---|
| Materias: | |
| Etiquetas: |
Agregar Etiqueta
Sin Etiquetas, Sea el primero en etiquetar este registro!
|
| LEADER | 00859ngm a22002415g 4500 | ||
|---|---|---|---|
| 001 | CEM.cems022907 | ||
| 008 | 130507b2009##################0###0#####d | ||
| 005 | 20241126152449.0 | ||
| 245 | 0 | 0 | |a Arquitectura. |
| 300 | |a 19'. | ||
| 500 | |a En soporte VHS, consultar en ventanilla. | ||
| 505 | 0 | |a Arquitectura del siglo XX. Aportes de Gropius. La industrialización de viviendas. El uso del hierro y el acero. Evolución de la arquitectura en el siglo XX. | |
| 538 | |a Soporte: VHS - Norma: Pal N - Color: Si - Grabación DRD 2009 - Hitachi=3835 | ||
| 082 | 7 | 5 | |/ MON |
| 653 | |a ARTE | ||
| 653 | |a ARQUITECTURA | ||
| 653 | |a GROPIUS | ||
| 653 | |a ARQUITECTURA SIGLO XX | ||
| 653 | |a USO DEL HIERRO | ||
| 653 | |a USO DEL ACERO | ||
| 653 | |a NIVEL PRIMARIO | ||
| 653 | |a NIVEL SECUNDARIO | ||
| 859 | |a CEMS |b BIB. CEMS - Depto. Recursos Didacticos |h 754 |i MON |k DRD |p 1550.12 |t Ej.1 | ||
